01131nam a22003137a 4500001001000000003000900010005001700019007000300036008003400039040005400073041001000127072002600137090001900163110009300182245019200275260003400467300000900501500001900510650001100529650001500540650001500555650001200570650001300582650001000595909003600605942000700641999001700648952015200665BR7323031BR-BrBNA20230928084337.0ta230509b bl.||||| |||| 00| 0 por d aBR-BrBNAbporcBiblioteca Nacional de Agricultura a(Por) aF25; E10b1740b/G514  1740 BR73230311 aAssociacao Nordestina de Credito e Assistencia Rural de Pernambuco, Recife (Brasil)96951 aResultados ensaios demonstrativos. Cebola. 1974 Pernambuco [rendimento, adubacao, calagem, Brasil]bPrograma Trienal de Difusao de Fertilizantes no Nordeste; Projeto FAO/ABCAR/ANDA/BNB/MA3 aRecife, PE (Brasil): c1974.  a2 p. aNumerical data aCEBOLA aPERNAMBUCO aRENDIMENTO aCALAGEM aADUBACAO aCUSTO a202309bLuciac55dLucia Elande cBK c18300d18300 002AGRIS40708AGROBASEa41918b41918l0o 1740 BR7323031p1740 BR7323031r2023-09-25t01yBK10d2023-09-25ePortaria Interministerial nÂș 164/94